000 00546cam a2200193 4500500
005 20260405002426.0
041 _afre
042 _adc
100 1 0 _aDenieuil, Marie
_eauthor
245 0 0 _aPlaton / “Gorgias”
260 _c2017.
500 _a81
690 _aGorgias
690 _aPlaton
690 _aRésumé
690 _aSprint
786 0 _nPhilosophie magazine | 109 | 5 | 2017-05-01 | p. 39-39 | 1951-1787
856 4 1 _uhttps://shs.cairn.info/magazine-philosophie-magazine-2017-5-page-39?lang=fr&redirect-ssocas=7080
999 _c2057558
_d2057558